000 00503nam a2200181Ia 4500
005 20250508160303.0
008 008 250505s9999 xx 000 0 eng d
037 _aTextual
040 _aFEDL
_beng
_cFEDL
041 _aeng
_2eng
084 _a423, PIT
_qFEDL
100 _aPittman G A
_9403704
245 0 _aActivating advanced english vocabulary
260 _aLondon, UK
_bLongmans, Green and Co.
_c1965
300 _a168p.
942 _cTEXL
_h423, PIT
999 _c1363390
_d1363390